书目信息 |
| 题名: |
俄国历史概要
|
|
| 作者: | 波克罗夫斯基 著 ;贝璋衡 译 | |
| 分册: | ||
| 出版信息: | 北京 商务印书馆 1994 |
|
| 页数: | 406页 | |
| 开本: | 20cm | |
| 丛书名: | 苏联丛书 | |
| 单 册: | ||
| 中图分类: | K512.0 | |
| 科图分类: | ||
| 主题词: | 苏联--通史 | |
| 电子资源: | ||
| ISBN: | ||
| 000 | 00778nam2 2200241 45 | |
| 001 | 0195015245 | |
| 005 | 20060801093500.90 | |
| 010 | @dCNY2.90 | |
| 100 | @a19950426d1994 kemy0chiy0121 ea | |
| 101 | 1 | @achi@crus |
| 102 | @aCN@b110000 | |
| 105 | @ay z 000yd | |
| 200 | 10 | @a俄国历史概要@AE GUO LI SHI GAI YAO@f(苏联)米·尼·波克罗夫斯基(М·Н·Покровский)著@F( SU LIAN ) MI · NI · BO KE LUO FU SI JI (М·Н·Покровский) ZHU@g贝璋衡等译 |
| 210 | @a北京@c商务印书馆@d1994 | |
| 215 | @a406页@d20cm | |
| 225 | 2 | @a苏联丛书 |
| 410 | 0 | @120010@a苏联丛书 |
| 606 | @a苏联@x通史 | |
| 690 | @aK512.0@v三版 | |
| 701 | 1 | @a波克罗夫斯基@b米·尼·@4著 |
| 702 | 0 | @a贝璋衡@ABEI ZHANG HENG@4译 |
| 801 | 0 | @aCN@bNLC@c20060801 |
| 905 | @dK512.0@e18:1@b3555@f1 | |
| 俄国历史概要/(苏联)米·尼·波克罗夫斯基(М·Н·Покровский)著/贝璋衡等译.-北京:商务印书馆,1994 |
| 406页;20cm.-(苏联丛书) |
| ISBN :CNY2.90 |
| ● |
| 相关链接 |
|
|
|
|
正题名:俄国历史概要
索取号:K512.0/18:1
 
预约/预借
| 序号 | 登录号 | 条形码 | 馆藏地/架位号 | 状态 | 备注 |
| 1 | 0003555 | 002000514 | 第二借阅区/ [索取号:K512.0/18:1] | 在馆 | |
| 2 | 0232169 | 001395074 | 第二借阅区/ [索取号:K512.0/18:1] | 在馆 | |
| 3 | 0232170 | 001395092 | 第二样本阅览室/ [索取号:K512.0/18:1] | 在馆 | |
| 4 | 0444057 | 204440578 | 密集书库/ [索取号:K512.0/18:1] | 在馆 |